Marauders Era Test - Statistics

General Stats
  • This quiz has been taken 4,879 times
  • The average score is 45 of 68
Answer Stats
Hint Answer % Correct
Sirius' Last Name Black
100%
James' Last Name Potter
100%
Remus' Last Name Lupin
99%
Sirius' Animagus Form Dog
98%
Peter's Animagus Form Rat
98%
Peter's Last Name Pettigrew
97%
The animal which Remus turns into once a month Werewolf
95%
Which Marauder lent Hagrid his flying motorbike? Sirius
93%
Which of the Marauders was a Gryffindor Prefect? Remus
91%
Remus' blood-status Halfblood
90%
Sirius' Alias Padfoot
90%
James' blood-status Pureblood
90%
Which Hogwarts house was Remus' wife sorted into? Hufflepuff
89%
James' Animagus Form Stag
89%
Remus' Alias Moony
88%
Did any of the Marauders survive the entire Harry Potter series? No
88%
Which of the Marauders took over five minutes to be sorted? Peter
88%
James' Alias Prongs
88%
Which decade were the marauders at Hogwarts? 1970s
87%
Who killed James Potter? Lord Voldemort
87%
Peter's Alias Wormtail
86%
Which year at Hogwarts did James, Sirius and Peter successfully become animagi? Fifth Year
85%
After Peter faked his death, what was the only part of him which was recovered? Right Index Finger
85%
Lily's blood-status Muggleborn
81%
Which year at Hogwarts did the Marauders find out that Remus was a werewolf? Second year
81%
How many passages were on the Marauders Map? 7
80%
How many years was Sirius Black imprisoned in Azkaban? 12 years
78%
How many Death Eaters did it take to kill Fabian and Gideon Prewett? 5
78%
Who killed Sirius Black? Bellatrix Lestrange
77%
Who did James Potter despise? Severus Snape
76%
Who gave the Marauders Map to Harry? Fred and George Weasley
75%
How old was Remus Lupin when he was bitten by a werewolf? 4
74%
What was Lily Potter's maiden name? Evans
72%
Name Draco's father (first and last name) Lucius Malfoy
71%
What was Sirius' brother's name? (full name needed) Regulus Arcturus Black
71%
Name Neville's father (first and last name) Frank Longbottom
68%
Name Draco's mother (first and last name) Narcissa Malfoy
68%
What is the phrase the closes the Marauders Map? Mischief Managed
66%
Name the organisation that all four Marauders joined which fought against Voldemort The Order of the Phoenix
66%
Name Neville's mother (first and last name) Alice Longbottom
64%
Who was Sirius' favourite cousin? Andromeda
63%
Who turned Remus Lupin into a werewolf? Fenrir Greyback
61%
What form did Lily Potter's patronus take? Doe
59%
Which of the Marauders had children? Remus Lupin and James Potter
57%
Name Sirius' family house-elf Kreacher
56%
Name the only room in Hogwarts that the Marauders Map doesn't track Room of Requirement
55%
Which position did James Potter play in Quidditch? Chaser
54%
Which teacher was Lily Potter a favourite of? Professor Slughorn
54%
After what does the Black family name their children? Stars, Constellations, Galaxies
54%
The Potters had a pet, what animal was it? Cat
51%
What is the phrase the opens the Marauders Map? I solemnly swear that I am up to no good
48%
Who killed Peter Pettigrew? Himself
46%
Name Sirius' father (first and last name) Orion Black
43%
Who was Head of Gryffindor during the Marauders time at Hogwarts? Professor McGonagall
42%
Name Sirius' mother (first and last name) Walburga Black
42%
Padfoot was also known by another codename, what was it? Snuffles
41%
Which creature killed Regulus? Inferi
39%
Name Remus' mother (first and last name) Hope Lupin
37%
Names James' father (first and last name) Fleamont Potter
36%
Name Remus' father (first and last name) Lyall Lupin
36%
Which OWLs exam were the Marauders taking in 'Snape's Worst Memory' Defence Against the Dark Arts
35%
Name James' mother (first and last name) Euphemia Potter
33%
Who gave the prophecy about the Chosen One and Voldemort? Sybill Trelawney
33%
Who killed Remus Lupin? Antonin Dolohov
29%
For Harry's first birthday what did Sirius get him? Toy Broomstick
28%
Lily's nickname for Petunia Tuney
25%
Who gave Harry Potter a photo of the original Order of the Phoenix? Alastor Moody
23%
Where did Snape live? Spinners End
14%
No matching quizzes found
Score Distribution
Percent of People with Each Score
Percentile by Number Answered
Your Score History
You have not taken this quiz